|
|
|
|
| LEADER |
00000nam0a2200000 4500 |
| 001 |
18268 |
| 005 |
20231101205207.0 |
| 010 |
|
|
|a 5020170755
|
| 035 |
|
|
|a (RuTPU)RU\TPU\book\18417
|
| 035 |
|
|
|a BOOK00003105
|
| 090 |
|
|
|a 18268
|
| 100 |
|
|
|a 20011209d1991 km y0rusy50 ca
|
| 101 |
0 |
|
|a rus
|
| 102 |
|
|
|a RU
|
| 105 |
|
|
|a y g 000zy
|
| 200 |
1 |
|
|a Китайская Народная Республика в 1989 году. Политика, экономика, культура
|
| 210 |
|
|
|a Москва
|c Наука
|d 1991
|
| 215 |
|
|
|a 400 с.
|
| 606 |
1 |
|
|a Азиатские зарубежные государства
|x Политическое положение
|2 stltpush
|3 (RuTPU)RU\TPU\subj\1571
|9 30328
|
| 610 |
1 |
|
|a политика
|
| 610 |
1 |
|
|a экономика
|
| 610 |
1 |
|
|a культура
|
| 610 |
1 |
|
|a КНР
|
| 610 |
1 |
|
|a Китайская Народная Республика
|
| 610 |
1 |
|
|a справочники
|
| 686 |
|
|
|a Ф2(5Кит)
|v LBC/SL-A
|2 rubbk
|
| 686 |
|
|
|a У9(5Кит)
|v LBC/SL-A
|2 rubbk
|
| 801 |
|
0 |
|a RU
|b 63413507
|c 20011209
|g PSBO
|
| 801 |
|
2 |
|a RU
|b 63413507
|c 20170919
|g PSBO
|
| 942 |
|
|
|c BK
|